000 00749nam a2200205 a 4500
001 000029073
005 20200930055320.0
008 110413s1987 dr 000 0 spa d
040 _aDO-SdBNP
_bspa
_cBNPHU
082 _axxx
_bN127r
100 1 _aNadal, Pablo
_922625
245 1 0 _aLa reforma del estado dominicano /
_cPablo Nadal ; introducción Pedro Troncoso Sánchez.
260 _aSanto Domingo :
_bAcademia de Ciencias de la República Dominicana,
_c1987.
300 _a37 p. ;
_c21 cm.
490 1 _aConferencias
_v4
500 _aConferencia dictada en la academia de Ciencias de la República Dominicana el 15 de enero de 1987.
700 1 _aTroncoso Sánches, Pedro
_eintrod.
_955973
830 0 _aConferencias
_v4
_99567
049 _aBNPD
999 _c28565
_d28565